|
|
|
|
| LEADER |
01408nam a2200397 a 4500 |
| 001 |
000637965 |
| 003 |
CZ BrMZK |
| 005 |
20260303131805.0 |
| 007 |
ta |
| 008 |
021125s2002 xr g f cze d |
| 015 |
|
|
|a cnb001188910
|
| 020 |
|
|
|a 80-7214-166-X
|q (váz.) :
|c Kč 199,00
|
| 035 |
|
|
|a (OCoLC)85041590
|
| 040 |
|
|
|a BOA001
|c ze
|d BOA001
|
| 041 |
1 |
|
|a cze
|h eng
|
| 072 |
|
7 |
|a 821.111(73)-3
|x Americká próza
|2 Konspekt
|9 25
|
| 080 |
|
|
|a 821.111(73)-31
|2 MRF
|
| 080 |
|
|
|a (0:82-312.5)
|2 MRF
|
| 080 |
|
|
|a (0:82-311.6)
|2 MRF
|
| 100 |
1 |
|
|a Blake, Jennifer,
|d 1942-
|7 xx0000026
|4 aut
|
| 245 |
1 |
0 |
|a Obejmi mě, lásko /
|c Jennifer Blake ; [přeložila Lenka Tichá]
|
| 250 |
|
|
|a Vyd. 1.
|
| 260 |
|
|
|a Praha :
|b Baronet,
|c 2002
|
| 300 |
|
|
|a 322 s. ;
|c 21 cm
|
| 655 |
|
7 |
|a americké romány
|7 fd131796
|2 czenas
|
| 655 |
|
7 |
|a milostné romány
|7 fd132840
|2 czenas
|
| 655 |
|
7 |
|a historické romány
|7 fd132414
|2 czenas
|
| 655 |
|
9 |
|a American fiction
|2 eczenas
|
| 655 |
|
9 |
|a love novels
|2 eczenas
|
| 655 |
|
9 |
|a historical novels
|2 eczenas
|
| 700 |
1 |
|
|a Tichá, Lenka
|7 xx0032804
|4 trl
|
| 765 |
0 |
|
|t Embrace and conquer
|9 Česky
|
| 856 |
4 |
1 |
|u http://www.digitalniknihovna.cz/mzk/uuid/uuid:4ddf2470-380c-11e4-8e0d-005056827e51
|y Digitalizovaný dokument
|x NDK
|
| 910 |
|
|
|a BOA001
|b 2-1110.256
|
| 990 |
|
|
|a BK
|
| 996 |
6 |
|
|b 2610176235
|c 2-1110.256
|l MZK
|r Sklad / do 1 hodiny
|n 4
|p p.v.
|w 000637965
|u 000010
|a 1
|e BOA001
|j MZK50
|s P
|